Lanean...
National myths
| Egile nagusia: | |
|---|---|
| Formatua: | Printed Book |
| Argitaratua: |
London
Routledge
2013
|
| Gaiak: |
| LEADER | 00394nam a22001217a 4500 | ||
|---|---|---|---|
| 082 | |a 155.89 |b BOU.N | ||
| 100 | |a GERARD BOUCHARD | ||
| 245 | |a National myths | ||
| 260 | |a London |b Routledge |c 2013 | ||
| 650 | |a Developmental Psychology | ||
| 942 | |c BK | ||
| 999 | |c 244 |d 244 | ||
| 952 | |0 0 |1 0 |4 0 |6 155_890000000000000_BOU_N |7 0 |8 NFIC |9 239 |a CAMPUS |b CAMPUS |c GEN |d 2014-11-26 |l 0 |o 155.89 BOU.N |p 17152 |r 2014-11-26 |w 2014-11-26 |y BK | ||